History Quiz

Random History or Year Quiz

Figure Out the Years by Images Quiz Stats

 Plays Quiz Updated Jun 16, 2016

Challenge
Share
Tweet
Score 0/20 Timer 10:00
1 Play Today
% Correct
1969
86.2%
1980
68%
1972
51.1%
1998
49.9%
2014
47.2%
1939
44.8%
1992
43.9%
1977
43.6%
1914
42.6%
1985
42.5%
% Correct
1981
42%
1991
41.1%
1962
38.5%
2009
37.5%
2005
37.2%
1966
32.7%
1942
27.3%
2013
27.1%
1955
23.2%
1924
15.9%

You're not logged in!

Compare scores with friends on all Sporcle quizzes.
Join for Free
OR
Log In

You Might Also Like...

Show Comments

Extras

Top Quizzes Today


Score Distribution

Your Account Isn't Verified!

In order to create a playlist on Sporcle, you need to verify the email address you used during registration. Go to your Sporcle Settings to finish the process.

Report this User

Report this user for behavior that violates our Community Guidelines.

Details: